000 00674nam a2200277Ia 4500
005 20260324150117.0
008 008 260324s9999 xx 000 0 eng d
020 _a9781032696713
037 _aEBOOK
040 _aCRL
040 _beng
040 _cCRL
041 _2eng
041 _aeng
084 _qCRL
100 _aR. D. Savage; P. G. Britton; N. Bolton; E.H. Hall
_91225291
245 0 _aIntellectual Functioning in the Aged
260 _bTaylor and Francis
260 _c1973
365 _a
365 _b145
856 _uhttp://www.taylorfrancis.com/books/9781032696713
942 _cEBOOK
999 _c1834198
_d1834198